Größte Städte Europas - Statistiken

Allgemein
  • Dieses Quiz wurde 447 mal gespielt
    220 seit der letzten Aktualisierung
  • Das Durchschnittsergebnis liegt bei 19 aus 20
Antwortstatistiken
Einwohnerzahl Land Stadt % Korrekt
16.0 Mio. Türkei Istanbul
100%
15.1 Mio. Großbritannien London
100%
6.70 Mio. Spanien Madrid
100%
18.8 Mio. Russland Moskau
100%
11.5 Mio. Frankreich Paris
100%
4.70 Mio. Deutschland Berlin
98%
3.425 Mio. Italien Rom
98%
2.575 Mio. Niederlande Amsterdam
97%
4.875 Mio. Spanien Barcelona
97%
2.90 Mio. Deutschland Hamburg
97%
3.575 Mio. Griechenland Athen
95%
3.475 Mio. Ukraine Kiew
95%
6.15 Mio. Italien Mailand
95%
6.35 Mio. Russland Sankt Petersburg
94%
2.80 Mio. Belgien Brüssel
93%
6.10 Mio. Großbritannien Manchester
93%
3.45 Mio. Niederlande Rotterdam
92%
4.05 Mio. Italien Neapel
84%
3.975 Mio. Großbritannien Birmingham
72%
3.225 Mio. Deutschland Frankfurt am Main
70%
Keine übereinstimmenden Quizze gefunden
Verteilung der Resultate
Anzahl Personen mit jedem Resultat
Perzentil nach korrekt beantworteten Fragen
Ihre Resultats-Entwicklung
Sie haben dieses Quiz seit der letzten Aktualisierung nicht gespielt